• 首页
  • 本馆介绍
  • 公告通知
  • 最新文献
  • 馆藏检索
  • 电子资源
  • 读者导购
  • 参考咨询
  • 我的图书馆
  • 登录
  • 详细信息显示
  • 放入我的书架
  • 预约/预借图书
  • 作者相关作品
  • 分类相关作品
  • 丛书相关作品
  • 出版社相关作品

书目信息

  • 表格格式
  • 工作单格式
  • 卡片格式
题名:
荆门文化简史
    
 
作者: 湖北省政协文史和学习委员会,湖北省荆楚文化研究会,《荆门文化简史》编撰委员会[编]
分册:  
出版信息: 武汉   湖北人民出版社  2018
页数: 411页
开本: 24cm
丛书名: 湖北文化史丛书
单 册:
中图分类: K296.33
科图分类:
主题词: 文化史--荆门
电子资源:
ISBN: 978-7-216-09618-8
000 01177nam0 2200241 450
001 012001006010
005 20131015103248.0
010    @a978-7-216-09618-8@dCNY68.00
100    @a20190610d2018 em y0chiy50 ea
101 0  @achi
102    @aCN@b420000
105    @aab z 000yy
106    @ar
200 1  @a荆门文化简史@b专著@f湖北省政协文史和学习委员会,湖北省荆楚文化研究会,《荆门文化简史》编撰委员会[编]
210    @a武汉@c湖北人民出版社@d2018
215    @a411页@c图,地图@d24cm
225 1  @a湖北文化史丛书@f陈昆满,林习珍主编
314    @a主编:柯昌军、张峰
330    @a本书稿是荆门文化简史。荆门地区历史悠久,文化昌盛,源远流长,是屈家岭文化的发现地、楚文化的中心区、世界文化遗产明显陵的所在地,是中华文明的重要组成部分之一。千百年来,荆门先民勤勉劳作,繁衍生息,在创造发达的物质文明的同时,也创造了优秀的精神文明。荆门地区古文化资源主要有屈家岭文化、楚文化、绿林文化、三国关公文化、明显陵文化、书院文化、荆襄古道文化、长寿文化、宗教文化、名人文化、红色文化、民俗文化。本书对这些文化进行了梳理,将为推进社会主义精神文明建设做出新贡献。
606 0  @a文化史@x荆门
690    @aK296.33@v5
801  2 @aCN@b上海新华@c20191020
905    @b1098432-5@dK296.33@e407@f4
    
    荆门文化简史/湖北省政协文史和学习委员会,湖北省荆楚文化研究会,《荆门文化简史》编撰委员会[编].-武汉:湖北人民出版社,2018
    411页:图,地图;24cm.-(湖北文化史丛书/陈昆满,林习珍主编)
    
    
    ISBN 978-7-216-09618-8:CNY68.00
    本书稿是荆门文化简史。荆门地区历史悠久,文化昌盛,源远流长,是屈家岭文化的发现地、楚文化的中心区、世界文化遗产明显陵的所在地,是中华文明的重要组成部分之一。千百年来,荆门先民勤勉劳作,繁衍生息,在创造发达的物质文明的同时,也创造了优秀的精神文明。荆门地区古文化资源主要有屈家岭文化、楚文化、绿林文化、三国关公文化、明显陵文化、书院文化、荆襄古道文化、长寿文化、宗教文化、名人文化、红色文化、民俗文化。本书对这些文化进行了梳理,将为推进社会主义精神文明建设做出新贡献。
●
相关链接 在E读中查询图书 在五车中查询图书 在当当中查询图书 在豆瓣中查询图书


正题名:荆门文化简史     索取号:K296.33/407         预约/预借

序号 登录号 条形码 馆藏地/架位号 状态 备注
1 1098432   210984327   第二样本阅览室/ [索取号:K296.33/407] 在馆    
2 1098433   210984336   第二借阅区/ [索取号:K296.33/407] 在馆    
3 1098434   210984345   第二借阅区/ [索取号:K296.33/407] 在馆    
4 1098435   210984354   第二借阅区/ [索取号:K296.33/407] 在馆    
唐山师范学院图书馆 欢迎您!
大连网信软件有限公司© 版权所有